Počítačový návrh trakčného generátory : Diplomová práca /

Salvato in:
Dettagli Bibliografici
Autore principale: Kottlík, Peter (Autore)
Altri autori: Klug, Ľudovít, 1935- (Relatore della tesi)
Natura: Manoscritto Libro
Pubblicazione: Bratislava : STU v Bratislave FEI, 1997
Soggetti:
Tags: Aggiungi Tag
Nessun Tag, puoi essere il primo ad aggiungerne!!

MARC

LEADER 00000ntm a22000003a 4500
001 stu9852
005 20160719164952.8
008 970625s1997----------------------------d
040 |a STU  |b slo 
041 0
100 1 |a Kottlík, Peter  |4 aut 
245 1 |a Počítačový návrh trakčného generátory :  |b Diplomová práca /  |c [aut.] Kottlík,Peter; Škol. Klug,Ňudovít 
260 |a Bratislava :  |b STU v Bratislave FEI,  |c 1997 
300 |a 72 s 
650 7 |a Elektroenergetické a silnoprúdové inžinierstvo  |2 stusub 
700 1 |a Klug, Ľudovít,  |d 1935-  |4 ths  |u E120  |U FEI Fakulta elektrotechniky a informatiky  |T FEI Katedra elektrických strojov a prístrojov  |X 3568  |U E120  |Y 58  |7 A000003568